| 000 | 00612nab a2200241 a 4500 | ||
|---|---|---|---|
| 001 | 29798 | ||
| 003 | 95350 | ||
| 005 | 20201118100646.0 | ||
| 008 | ||||||n9999 ||| || || | ||
| 041 | _aspa | ||
| 100 | _aMasson Meiss, Luis | ||
| 245 | 0 | _aEl ambiente en las areas fronterizas del Peru | |
| 260 |
_aBogotá : _bConvenio Andrés Bello, _c1993. |
||
| 300 | _app.115-134 | ||
| 562 | _e0 | ||
| 650 | _aFRONTERAS | ||
| 650 | _aPERU | ||
| 650 | _aPOLÍTICA AMBIENTAL | ||
| 650 | _aSITUACION AMBIENTAL | ||
| 650 | _aZONA FRONTERIZA | ||
| 773 |
_029653 _aAmbiente y fronteras : |
||
| 942 | _cANADO | ||
| 999 |
_c29798 _d29798 |
||